Reclutamiento y selección de personal

保存先:
書誌詳細
第一著者: Hawk, Roger H (著者)
フォーマット: 図書
言語:スペイン語
出版事項: Ciudad de México Técnica 1968
主題:
タグ: タグ追加
タグなし, このレコードへの初めてのタグを付けませんか!

MARC

LEADER 00000nam a2200000 a 4500
001 UCQ1129
003 CL-VaPUC
008 980709e19680000MX |||||||||||||||||spa|d
082 0 4 |a 658.311  |b HAW  |2 21 
100 0 |a Hawk, Roger H  |e author  |9 414721 
245 1 0 |a Reclutamiento y selección de personal 
300 |a 250 p 
942 |c BK 
945 |d 19980709 00:00:00  |a cmena 
260 |a Ciudad de México  |b Técnica  |c 1968 
650 0 |a Administración de empresas   |9 260833 
650 7 |a SELECCION DEL PERSONAL  |2 CL-VaPUC  |9 324534 
650 0 |a Administración del personal  |9 260442 
650 0 |a Entrevistas  |9 265537 
650 7 |a PLANIFICACION Y CONTROL  |2 CL-VaPUC  |9 414722 
583 |a last modification  |c 19980709 00:00:00  |k Rodrigo Vera 
999 |c 272133  |d 272131 
952 |0 0  |1 0  |4 0  |6 658_311000000000000_HAW_1968  |7 0  |8 A  |9 307002  |a BIBGIM  |b BIBGIM  |d 2019-11-20  |i 1433466  |o 658.311 HAW 1968  |p 1433466  |r 2025-01-15  |w 2019-11-20  |y BK  |k COM